The rainbow suite (Record no. 83662)

MARC details
000 -LEADER
fixed length control field 00596cab a22001935a 4500
001 - CONTROL NUMBER
control field L154552
008 - FIXED-LENGTH DATA ELEMENTS--GENERAL INFORMATION
fixed length control field 111220s2011 xxka f 000 0 eng d
035 ## - SYSTEM CONTROL NUMBER
System control number (Sirsi) u154552
041 0# - LANGUAGE CODE
Language code of text/sound track or separate title eng
100 1# - MAIN ENTRY--PERSONAL NAME
Personal name Battrick, Paul
245 04 - TITLE STATEMENT
Title The rainbow suite
Remainder of title the 1999 FIDIC contracts, part 4
260 ## - PUBLICATION, DISTRIBUTION, ETC.
Date of publication, distribution, etc. 2011
490 ## - SERIES STATEMENT
Series statement Civil Engineering Surveyor
Volume/sequential designation December/January 2012, 23-25(3)
520 ## - SUMMARY, ETC.
Summary, etc. Know your contract. Looks at studying project contracts themselves.
651 #4 - SUBJECT ADDED ENTRY--GEOGRAPHIC NAME
Geographic name International
690 ## - LOCAL SUBJECT ADDED ENTRY--TOPICAL TERM (OCLC, RLIN)
Topical term or geographic name as entry element BUILT ENVIRONMENT-BUILDING CONTRACT FORMS
700 1# - ADDED ENTRY--PERSONAL NAME
Personal name Duggan, Phil
942 ## - ADDED ENTRY ELEMENTS (KOHA)
Suppress in OPAC 0
Holdings
Withdrawn status Lost status Source of classification or shelving scheme Damaged status Not for loan Home library Current library Shelving location Date acquired Total Checkouts Full call number Barcode Date last seen Copy number Price effective from Koha item type
    Dewey Decimal Classification     London London Journal article 20/12/2011   L154552 154552-1001 06/08/2019 1 06/08/2019 Journal article